Quiz Argentina - Partidos del Gran Buenos Aires en un mapa - Estadísticas

Estadísticas generales
  • Esta prueba ha sido intentada 1.015 veces
  • La puntuación promedio es 23 de 34
Respuestas en el mapa
Las respuestas están codificadas por una escala verde-roja en el mapa de la prueba según el % correcto abajo.
 
Estadísticas de respuestas
Partido % Correcto
Avellaneda
90%
La Matanza
90%
Tigre
90%
Quilmes
88%
Lanús
87%
La Plata
87%
Morón
80%
San Isidro
80%
Ezeiza
79%
Vicente López
79%
Lomas de Zamora
77%
General San Martín
76%
Pilar
73%
Berazategui
72%
Moreno
71%
San Fernando
71%
Florencio Varela
69%
Tres de Febrero
67%
Merlo
66%
Hurlingham
63%
Ituzaingó
62%
San Miguel
61%
Berisso
60%
Cañuelas
60%
Escobar
60%
José C. Paz
60%
Ensenada
59%
Almirante Brown
58%
Malvinas Argentinas
57%
Esteban Echeverría
55%
San Vicente
51%
Presidente Perón
50%
General Rodríguez
49%
Marcos Paz
42%
No se encontraron pruebas coincidentes
Distribución de puntuación
Porcentaje de gente con cada puntuación
Porcentaje por número respondido
Historial de tus puntuaciones
No has intentado esta prueba.